000 02101nac a22004571u 4500
003 EG-ScBUE
005 20220203111403.0
008 200219s1994 enka f b 001 0 eng d
020 _a0521410967
020 _a9780521410960
040 _aEG-ScBUE
_beng
_erda
_cEG-ScBUE
_dEG-ScBUE
082 0 4 _a826.7099287
_bFAV
_222
100 1 _aFavret, Mary A.,
_eauthor.
245 1 0 _aRomantic correspondence :
_bwomen, politics, and the fiction of letters /
_cMary A. Favret, assistant professor of English and adjunct, Faculty in Women's Studies, Indiana University.
250 _aReprinted edition.
264 1 _aCambridge :
_bCambridge University Press,
_c1994.
300 _axii, 268 pages :
_billustrations ;
_c23 cm.
336 _2rdacontent
_atext
_btxt
337 _2rdamedia
_aunmediated
_bn
338 _2rdacarrier
_avolume
_bnc
490 0 _aCambridge studies in romanticism
500 _aDistributer : Al-Ahram.
504 _aIncludes bibliographical references and index.
650 7 _aEnglish letters
_xHistory and criticism.
_2BUEsh
650 7 _aEnglish prose literature
_xWomen authors
_xHistory and criticism.
_2BUEsh
650 7 _aWomen authors, English
_xCorrespondence
_xHistory and criticism.
_2BUEsh
650 7 _aPolitics and literature
_zGreat Britain
_xHistory
_y19th century.
_2BUEsh
650 7 _aPolitics and literature
_zGreat Britain
_xHistory
_y18th century.
_2BUEsh
650 7 _aWomen and literature
_zGreat Britain
_xHistory
_y19th century.
_2BUEsh
650 7 _aWomen and literature
_zGreat Britain
_xHistory
_y18th century.
_2BUEsh
650 7 _aEpistolary fiction, English
_xHistory and criticism.
_2BUEsh
650 7 _aRomanticism
_zGreat Britain.
_2BUEsh
650 7 _aLetter writing
_xHistory.
_2BUEsh
650 7 _aLetters in literature.
_2BUEsh
651 _2BUEsh
653 _bHHUUEENN
_cFebruary2022
655 _vReading book
_934232
856 4 2 _3Publisher description
_uhttp://www.loc.gov/catdir/description/cam025/92004491.html
856 4 2 _3Table of contents
_uhttp://www.loc.gov/catdir/toc/cam024/92004491.html
942 _cBB
_k826.7099287 FAV
_2ddc
999 _c5931
_d5931